| 000 | 00580nam a2200217Ia 4500 | ||
|---|---|---|---|
| 003 | OSt | ||
| 005 | 20220926012137.0 | ||
| 006 | a|||||r|||| 00| 0 | ||
| 007 | ta | ||
| 008 | 220923b |||||||| |||| 00| 0 eng d | ||
| 037 | _cGeneral Book | ||
| 040 |
_aRTL _cRTL _beng |
||
| 041 |
_2eng _aeng |
||
| 082 | _aU2k, M5 | ||
| 245 | 0 | _aENCYCLOPAEDIC DICTIONARY of physical geography Ed | |
| 260 |
_aNew York _bBasil Blackwell USA _c1985 |
||
| 300 |
_axvi, 528p. _ccm. |
||
| 650 | _aPhysical Geography | ||
| 942 |
_hU2k, M5 _cGB _2CC |
||
| 999 |
_c621860 _d621860 |
||